00429nam a2200181Ia 4500008004100000020001800041245001800059245003300077245002100110260001500131260001600146260000900162300001400171300002500185300001000210500000800220999001900228170705s9999 xx 000 0 und d a9780545607612 aBiblioburro : ba true story from Colombia / cJeanette Winter. aNew York : bScholastic, c2010 aunpaged : bcolor illustration ; c21cm. a640 c336811d336811